000 00340nam a22001457a 4500
008 230327b ||||| |||| 00| 0 eng d
020 _a9781305261105
041 _aeng
080 _2FOURTH EDITION
_a34
082 _a34MAX
100 _a32
101 _aJUREDIK
245 _aBASIC OF RESEARCH METHODS
_cMAXFIELD .G.M
942 _2udc
_cBK
999 _c59462
_d59462